Ako Macron vypustil kalný rybník
Víťazstvo Emmanuela Macrona v prezidentských voľbách vo Francúzsku. Nekonformné a minimalistické hnutie Vpred! (En marche!) skonsolidované a premenované na Republika vpred! (La république en marche!). Svieži vietor vo francúzskej politike. Vyostrenie transatlantických vzťahov. Integrácia obranného p...
Guardado en:
| Autor principal: | |
|---|---|
| Formato: | Capítulo de libro |
| Lenguaje: | eslovaco |
| Materias: | |
| Etiquetas: |
Sin Etiquetas, Sea el primero en etiquetar este registro!
|
MARC
| LEADER | 00000naa a2200000 4500 | ||
|---|---|---|---|
| 001 | 0234209 | ||
| 005 | 20170704120924.1 | ||
| 041 | 0 | |a slo | |
| 044 | |a SK | ||
| 245 | 1 | 0 | |a Ako Macron vypustil kalný rybník |c Adrian Peter Pressburg |
| 520 | |a Víťazstvo Emmanuela Macrona v prezidentských voľbách vo Francúzsku. Nekonformné a minimalistické hnutie Vpred! (En marche!) skonsolidované a premenované na Republika vpred! (La république en marche!). Svieži vietor vo francúzskej politike. Vyostrenie transatlantických vzťahov. Integrácia obranného potenciálu Európskej únie. Francúzska podpora projektu Európskej obrannej únie. | ||
| 610 | 2 | 0 | |a voľby |
| 610 | 2 | 0 | |a prezidenti |
| 610 | 2 | 0 | |a strany politické |
| 610 | 2 | 0 | |a vláda |
| 610 | 2 | 0 | |a integrácia ekonomická medzinárodná |
| 610 | 2 | 0 | |a obrana štátu |
| 610 | 2 | 0 | |a politika medzinárodná |
| 610 | 2 | 0 | |a politika vnútorná |
| 610 | 2 | 0 | |a Francúzsko |
| 610 | 2 | 0 | |a Európska únia |
| 100 | 1 | |a Pressburg, Adrian Peter | |